| 000 | 00706cam a2200193 4500 | ||
|---|---|---|---|
| 082 |
_a669 _bBRI _cL-17, P-51 |
||
| 100 | 1 |
_aBrick, R. M. _944866 |
|
| 245 | 0 | 0 |
_aStructure and properties of alloys; _bthe application of phase diagrams to the interpretation and control of industrial alloy structures, _cby R.M. Brick and Arthur Phillips. |
| 250 | _a2d ed. | ||
| 260 |
_aNew York, _bMcGraw-Hill Book Co., _c1949. |
||
| 300 |
_axix, 485 p. _billus. _c24 cm. |
||
| 490 | 1 | _aMetallurgy and metallurgical engineering series | |
| 526 |
_a0 _b0 _c0 _d669_000000000000000_BRI |
||
| 650 | 0 |
_aAlloys. _944867 |
|
| 650 | 0 |
_aMCE _9379 |
|
| 650 | 0 |
_aSteel. _944868 |
|
| 700 | 1 |
_aPhillips, Arthur, _944869 |
|
| 942 |
_2ddc _cBK |
||
| 999 |
_c548521 _d548521 |
||